La carrera de armamentos (Record no. 113590)

MARC details
000 -LEADER
campo de control de longitud fija 00713nam a2200217 4500
001 - NÚMERO DE CONTROL
campo de control 113590
003 - IDENTIFICADOR DE NÚMERO DE CONTROL
campo de control ES-MaACL
005 - FECHA Y HORA DE LA ÚLTIMA TRANSACCIÓN
campo de control 20240227155503.0
007 - CAMPO FIJO DE DESCRIPCIÓN FÍSICA--INFORMACIÓN GENERAL
campo de control de longitud fija t|
008 - DATOS DE LONGITUD FIJA--INFORMACIÓN GENERAL
campo de control de longitud fija 061121s1965 sp r ||||1| spa d
100 1# - ENTRADA PRINCIPAL--NOMBRE DE PERSONA
Nombre de persona Noel-Baker, Philip.
9 (RLIN) 85830
245 13 - MENCIÓN DEL TÍTULO
Título La carrera de armamentos
Resto del título : un programa para el desarme mundial /
Mención de responsabilidad, etc. Philip Noel-Baker ; traducción de Antonio Menchaca Careaga.
260 ## - PUBLICACIÓN, DISTRIBUCIÓN, ETC.
Lugar de publicación, distribución, etc. Madrid :
Nombre del editor, distribuidor, etc. Tecnos,
Fecha de publicación, distribución, etc. [1965]
300 ## - DESCRIPCIÓN FÍSICA
Extensión 708 p. ;
Dimensiones 20 cm.
490 1# - MENCIÓN DE SERIE
Mención de serie Colección Ventana abierta ;
Designación de volumen o secuencia 10
650 14 - PUNTO DE ACCESO ADICIONAL DE MATERIA--TÉRMINO DE MATERIA
Término de materia o nombre geográfico como elemento de entrada Desarme.
9 (RLIN) 11786
700 1# - ENTRADA AGREGADA--NOMBRE PERSONAL
Nombre de persona Menchaca, Antonio.
9 (RLIN) 80080
830 0# - PUNTO DE ACCESO ADICIONAL DE SERIE-TÍTULO UNIFORME
Título uniforme Ventana abierta
Designación de volumen o secuencia 10
9 (RLIN) 179022
852 ## - LOCALIZACIÓN
Ubicación ES-MaACL
Número de control de estantería C-26648
Sublocalización o colección R.55566
Holdings
Estatus retirado Estado de pérdida Estado de daño No para préstamo Biblioteca de origen Biblioteca actual Ubicación en estantería Fecha de adquisición Fuente de adquisición Total de préstamos Signatura topográfica completa Código de barras Visto por última vez Precio de reemplazo Tipo de ítem Koha
        Biblioteca del Ateneo de Madrid Biblioteca del Ateneo de Madrid Depósito 2 17/01/2008     C-26648 1118467 23/02/2023 23/02/2023 Libro impreso